| 000 | 01423pam a2200337 a 4500 | ||
|---|---|---|---|
| 001 | 3543008 | ||
| 003 | NUST-PNEC | ||
| 005 | 20170116180713.0 | ||
| 008 | 970429s1998 nyua bf 001 0 eng | ||
| 010 | _a 97020306 | ||
| 020 | _a0471130079 | ||
| 040 |
_aDLC _cPNEC _dDLC |
||
| 050 | 0 | 0 |
_aTJ151 _b.M395 1998 |
| 082 | 0 | 0 | _a621 KUT |
| 100 |
_9643 _aKutz Myer |
||
| 245 | 0 | 0 |
_aMechanical engineers' handbook / _cedited by Myer Kutz. |
| 250 | _a2nd ed. | ||
| 260 |
_aNew York : _bWiley, _c1998. |
||
| 300 |
_axxiii, 2352 p. : _bill. ; _c24 cm. |
||
| 500 | _ahttp://www.amazon.com/Mechanical-Engineers-Handbook-Myer-Kutz/dp/0471130079/ref=sr_1_1?s=books&ie=UTF8&qid=1413441252&sr=1-1&keywords=0471130079 | ||
| 500 | _a"A Wiley-Interscience publication." | ||
| 504 | _aIncludes bibliographical references and index. | ||
| 650 | 0 |
_aMechanical engineering _xHandbooks, manuals, etc. - ME |
|
| 700 | 1 | _aKutz, Myer. | |
| 856 | 4 | 2 |
_3Contributor biographical information _uhttp://www.loc.gov/catdir/bios/wiley042/97020306.html |
| 856 | 4 | 2 |
_3Publisher description _uhttp://www.loc.gov/catdir/description/wiley033/97020306.html |
| 856 | 4 |
_3Table of Contents _uhttp://www.loc.gov/catdir/toc/onix04/97020306.html |
|
| 906 |
_a7 _bcbc _corignew _d1 _eocip _f19 _gy-gencatlg |
||
| 942 |
_2ddc _cBK |
||
| 999 |
_c61083 _d61083 |
||